Trading places: Alternative models of economic co-operation in the Horn of africa. (Record no. 6255)
[ view plain ]
| 000 -LEADER | |
|---|---|
| fixed length control field | 00532nam a22001817a 4500 |
| 003 - CONTROL NUMBER IDENTIFIER | |
| control field | OSt |
| 005 - DATE AND TIME OF LATEST TRANSACTION | |
| control field | 20190827105140.0 |
| 008 - FIXED-LENGTH DATA ELEMENTS--GENERAL INFORMATION | |
| fixed length control field | 190827b ||||| |||| 00| 0 eng d |
| 020 ## - INTERNATIONAL STANDARD BOOK NUMBER | |
| International Standard Book Number | 9187748312 |
| 040 ## - CATALOGING SOURCE | |
| Transcribing agency | DDC. |
| 082 ## - DEWEY DECIMAL CLASSIFICATION NUMBER | |
| Classification number | 330GES 1996. |
| 100 ## - MAIN ENTRY--PERSONAL NAME | |
| Personal name | Gessesse,Belay;[et...al] |
| 9 (RLIN) | 12866 |
| 245 ## - TITLE STATEMENT | |
| Title | Trading places: Alternative models of economic co-operation in the Horn of africa. |
| 260 ## - PUBLICATION, DISTRIBUTION, ETC. (IMPRINT) | |
| Place of publication, distribution, etc. | Sweden, |
| Name of publisher, distributor, etc. | Life & Peace Institute. |
| Date of publication, distribution, etc. | 1996. |
| 300 ## - PHYSICAL DESCRIPTION | |
| Extent | viii,139p; |
| Other physical details | ill. |
| Dimensions | 22cm. |
| 650 ## - SUBJECT ADDED ENTRY--TOPICAL TERM | |
| Topical term or geographic name as entry element | Economics. |
| 9 (RLIN) | 975 |
| 942 ## - ADDED ENTRY ELEMENTS (KOHA) | |
| Source of classification or shelving scheme | Dewey Decimal Classification |
| Koha item type | Open Shelf |
| Withdrawn status | Lost status | Source of classification or shelving scheme | Damaged status | Not for loan | Home library | Current library | Date acquired | Source of acquisition | Inventory number | Total Checkouts | Full call number | Barcode | Date last seen | Koha item type | Price effective from |
|---|---|---|---|---|---|---|---|---|---|---|---|---|---|---|---|
| Dewey Decimal Classification | MUST Main Library | MUST Main Library | 27/08/2019 | Purchase | 2001/16576 | 330GES 1996. | 2019-0239 | 27/08/2019 | Open Shelf | ||||||
| Dewey Decimal Classification | MUST Main Library | MUST Main Library | 27/08/2019 | Purchase | 2001/16575 | 330GES 1996. | 2019-0240 | 27/08/2019 | Open Shelf | ||||||
| Dewey Decimal Classification | MUST Main Library | MUST Main Library | 28/06/2024 | Purchase | 2001/16577 | 330GES 1996. | 2024-21578 | 28/06/2024 | Open Shelf | 28/06/2024 | |||||
| Dewey Decimal Classification | MUST Main Library | MUST Main Library | 28/06/2024 | Purchase | 2001/16574 | 330GES 1996. | 2024-21580 | 28/06/2024 | Open Shelf | 28/06/2024 |
